| 000 | 01727nam a2200241Ia 4500 | ||
|---|---|---|---|
| 003 | Ost | ||
| 005 | 20260507075445.0 | ||
| 008 | 260507s9999||||xx |||||||||||||| ||und|| | ||
| 040 | _cfsecg | ||
| 041 | _aara | ||
| 082 | _a658.848 | ||
| 100 | _eمؤلف | ||
| 245 | 0 | _aالتسويق الدولي / | |
| 260 |
_aالقاهرة: _bالمنظمة العربية للتنمية الادارية, _c2007 |
||
| 300 |
_a276 صفحة؛ _bإيضاحات ؛ _c24 سم |
||
| 504 | _aبيبليوغرافيا ص.270 | ||
| 520 | _aمنظمة التجارة الدولية ، الالدول العربية الحقوق والالتزامات منظمة التجارة العالمية ، مهنية التسويق في ظل العولمة الاقتصادية ، تنمية الاشهار في الأسواق العالمية ، التسويق الدولي في ظل العولمة الخصائص والمبادئ ، التعرفر على مدى جاهزية المؤسسات العربية لتصدير منتوجاتها إلى الأسواق العالمية ، تشخيص التصدير بالمؤسسة وتحليل البيئة الخارجية ودورهما في تحديد أستراتجية غز الأسواق الدولية ، البعد الأخلاقي في التسويق العالمي ، التجارة الإلكترونية وتحسين المقدرة التنافسية للمؤسسات المصدرة تجربة مجموعة شركات فواز الحكير وشركاه، أثر الابتكار التسويقي في جودة الخدمات المصرفية | ||
| 653 | _aتسويق دولي | ||
| 653 | _aتصدير | ||
| 653 | _aعولمة | ||
| 653 | _aمهنية التسويق | ||
| 942 | _cكتاب | ||
| 999 |
_c44580 _d44580 |
||